Nonlinear Model Predictive Control : Towards New Challenging Applications

Guardado en:
Detalles Bibliográficos
Otros Autores: Magni, Lalo (Editor), Raimondo, Davide Martino (Editor), Allgöwer, Frank (Editor)
Formato: Libro
Lenguaje:inglés
Publicado: Berlin : Springer Verlag, 2009
Materias:
Etiquetas: Agregar Etiqueta
Sin Etiquetas, Sea el primero en etiquetar este registro!

MARC

LEADER 00000nam a22000003a 4500
001 stu190609
005 20150617230051.6
008 090924s2009----gw------------------eng-d
020 |a 978-3-642-01093-4 
040 |a STU  |b slo 
041 0 |a eng 
044 |a gw 
080 |a 519.71  |7 stu_us_auth*stu8254 
100 1 |a Magni, Lalo  |4 edt 
245 1 |a Nonlinear Model Predictive Control :  |b Towards New Challenging Applications 
260 |a Berlin :  |b Springer Verlag,  |c 2009 
300 |a 572 s 
650 7 |a teória riadiacich systémov  |2 stusub 
700 1 |a Raimondo, Davide Martino  |4 edt 
700 1 |a Allgöwer, Frank  |4 edt 
996 |b 284EK88610  |c E*88610  |l EE30  |s P  |a 0  |w stu190609_0003